| 000 | 00393 a2200169 4500 | ||
|---|---|---|---|
| 001 | 140137 | ||
| 040 | _cLeonardo Da Vinci | ||
| 041 | _aPortuguês | ||
| 082 |
_a927.8 O46b _bO46b |
||
| 100 | _aOLIVEIRA, Aloysio de | ||
| 245 | _aDe banda pra lua | ||
| 260 |
_bRecord _c1982 _aRio de Janeiro |
||
| 300 | _a175 | ||
| 362 | _a19820000 | ||
| 697 |
_aBiografia _aArtistas _aBrasil |
||
| 942 | _cBK | ||
| 999 |
_c140137 _d140137 |
||